LEADER 02328nam0 2200397 i 450 001 BVEE038084 005 20170908093219.0 012 $ao-u- o-u- o.l- dico (3) 1625 (R)$2fei 100 $a20150323d1625 ||||0itac50 ba 101 | $aita 102 $ait 181 1$6z01$ai $bxxxe 182 1$6z01$an 200 1 $a˜Le œvite degl'imperadori et pontefici romani, da messer Francesco Petrarcha, insino a'suoi tempi composte. Di poi, con diligenza et breuità, seguitate insino nell'anno 1478. Secondo la copia stampata à Fiorenza, apud S. Iacobum de Ripoli: anno Domini 1478 210 $d1625 215 $a312, [8] p.$d4º 300 $aOpera di autore incerto, attribuita a Francesco Petrarca (cfr. NUC pre-1956, v. 453, p. 355) 300 $aCfr. ISTC ip00420000 300 $aMarca? (Ancora con delfino) sul front 300 $aSegn.: A-2R⁴ 300 $aPrima della data: Secondo la copia stampata a Fiorenza, apud S. Iacobum de Ripoli: Anno Domini 1478 316 $a1 v. (Timbro RB sul frontespizio)$5IT-NA0079, V.F. 148 K 38 700 1$aPetrarca$b, Francesco$f <1304-1374>$3CFIV017574$4070$0292779 790 1$aPetrarch$b, F.$3AQ1V000294$zPetrarca, Francesco <1304-1374> 790 1$aPetrarka$b, Frančesko$3BVEV089442$zPetrarca, Francesco <1304-1374> 790 1$aPetrarque$b, François$3CFIV206119$zPetrarca, Francesco <1304-1374> 790 1$aPetrarch$b, Francesco$3CFIV218480$zPetrarca, Francesco <1304-1374> 790 1$aPetrarca$b, Franciscus$3CFIV259366$zPetrarca, Francesco <1304-1374> 790 1$aPetrarce$b, Francisci$3MILV304374$zPetrarca, Francesco <1304-1374> 801 3$aIT$bIT-NA0079$c20150323 850 $aIT-NA0079 912 $aBVEE038084 950 0$aBiblioteca Nazionale Vittorio Emanuele III$c1 v.$d BNV.F. 148 K 38$e BNVA10015495235 C 1 v. (Timbro RB sul frontespizio)$fC $h20150323$i20150323$lTimbro RB sul frontespizio$mTimbri storici della biblioteca proprietaria 977 $a BN 996 $aVite degl'imperadori et pontefici romani, da messer Francesco Petrarcha, insino a'suoi tempi composte. Di poi, con diligenza et breuità, seguitate insino nell'anno 1478. Secondo la copia stampata à Fiorenza, apud S. Iacobum de Ripoli: anno Domini 1478$91481307 997 $aUNISANNIO LEADER 01289cam0 22002891 450 001 SOBE00022490 005 20150528145854.0 100 $a20120215d1991 |||||ita|0103 ba 101 $aita 102 $aIT 200 1 $aLuigi Pietrobono e Giovanni Fallani titolari della cattedra dantesca della Fondazione E. Besso$ecommemorazione tenuta il 23 aprile 1991$fda Italo Borzi, Luigi Quattrocchi e Aldo Vallone 210 $aRoma$c[s.n.]$d1991$eRoma$gArti grafiche Pedanesi 215 $a45 p.$d24 cm 225 2 $aQuaderni delle fondazioni Marco ed Ernesta Besso$v4 410 1$1001LAEC00020995$12001 $a*Quaderni delle fondazioni Marco ed Ernesta Besso$v4 700 1$aBorzi$b, Italo$3A600200026123$4070$0469000 701 1$aQuattrocchi, Luigi$3A600200040152$4070$0159489 701 1$aVallone, Aldo$3AF00024540$4070$0319914 801 0$aIT$bUNISOB$c20150528$gRICA 850 $aUNISOB 852 $aUNISOB$j850.1|Opusc$m117103 912 $aSOBE00022490 940 $aM 102 Monografia moderna SBN 941 $aM 957 $a850.1|Opusc$b000392$gSI$d117103$hEsposito$rdono$1catenacci$2UNISOB$3UNISOB$420120215104255.0$520150528145854.0$6catenacci 996 $aLuigi Pietrobono e Giovanni Fallani titolari della cattedra dantesca della Fondazione E. Besso$91719034 997 $aUNISOB